000
00198 a2200097 4500
001
35023
100
_a
Jain A K
245
_a
Fluid Mechanics
260
_a
ND
_b
Khanna Pub
_c
090
_c
23172
_d
23172
942
_a
NUST-CAE
_c
M
_c
14639
999
_c
270096
_d
270096